000 00780nab a2200241u 4500
001 13042
003 HDC
007 c| |||a|c|aaaa
008 210211b99999999ja ||||o |||| 00| 0 eng d
040 _aHDC
100 _aYOSHINARI SAITO /
_eauthor
_913891
245 0 _aKitchen won't leave airlines high and dry /
_cYOSHINARI SAITO
336 _atext
_2rdacontent
337 _acomputer
_2rdamedia
338 _aonline resource
_2rdacarrier
650 _aAAS Catering
_913892
650 _ahalal certification
_9753
710 _aMy Paper
856 _zRequest full-text at [email protected]
942 _2lcc
942 _cNEWS
942 _kNWS0 003415
999 _c10358
_d10358